Finite element analysis of composite laminates [vol-7] / (Record no. 830)
[ view plain ]
| 000 -LEADER | |
|---|---|
| fixed length control field | 00550 a2200133 4500 |
| 020 ## - INTERNATIONAL STANDARD BOOK NUMBER | |
| International Standard Book Number | 0792311256 (alk. paper) |
| 082 ## - DEWEY DECIMAL CLASSIFICATION NUMBER | |
| Classification number | 620.11892 OCH |
| 100 ## - MAIN ENTRY--PERSONAL NAME | |
| Personal name | Ochoa, O. O. |
| 245 ## - TITLE STATEMENT | |
| Title | Finite element analysis of composite laminates [vol-7] / |
| Statement of responsibility, etc. | by O.O. Ochoa and J.N. Reddy. |
| 260 ## - PUBLICATION, DISTRIBUTION, ETC. | |
| Place of publication, distribution, etc. | Dordrecht ; |
| -- | Boston : |
| Name of publisher, distributor, etc. | Kluwer Academic Publishers, |
| Date of publication, distribution, etc. | 1992. |
| 300 ## - PHYSICAL DESCRIPTION | |
| Extent | xi, 206 p. : |
| Other physical details | ill. ; |
| Dimensions | 25 cm. |
| 650 ## - SUBJECT ADDED ENTRY--TOPICAL TERM | |
| Topical term or geographic name entry element | Composite materials |
| General subdivision | Mechanical properties |
| -- | Mathematical models. |
| 650 ## - SUBJECT ADDED ENTRY--TOPICAL TERM | |
| Topical term or geographic name entry element | Finite element method. |
| 650 ## - SUBJECT ADDED ENTRY--TOPICAL TERM | |
| Topical term or geographic name entry element | Laminated materials |
| General subdivision | Mechanical properties |
| -- | Mathematical models. |
| Withdrawn status | Lost status | Damaged status | Not for loan | Permanent Location | Current Location | Shelving location | Date acquired | Total Checkouts | Full call number | Barcode | Date last seen | Price effective from | Koha item type |
|---|---|---|---|---|---|---|---|---|---|---|---|---|---|
| School of Civil and Environmental Engineering (SCEE) | School of Civil and Environmental Engineering (SCEE) | 620.11892 OCH | NIT-4040 | 01/05/2017 | 01/05/2017 | Book |
